Úvod do problematiky: K otázkam vedeckovýskumnej činnosti
Úvodné slová k vedeckému semináru Rôzne aspekty vyučovania anglického odborného jazyka na Ekonomickej univerzite v Bratislave. Problematika výskumu na pracovisku. Tematické zameranie výskumu.
Na minha lista:
| Autor principal: | |
|---|---|
| Formato: | Capítulo de Livro |
| Idioma: | eslovaco |
| Assuntos: | |
| Tags: |
Sem tags, seja o primeiro a adicionar uma tag!
|
MARC
| LEADER | 00000nla$a2200000$$$4500 | ||
|---|---|---|---|
| 001 | 0083998 | ||
| 005 | 20240502071938.7 | ||
| 041 | 0 | |a slo | |
| 044 | |a SK | ||
| 245 | 1 | 0 | |a Úvod do problematiky: K otázkam vedeckovýskumnej činnosti |c Daniela Breveníková |
| 520 | |a Úvodné slová k vedeckému semináru Rôzne aspekty vyučovania anglického odborného jazyka na Ekonomickej univerzite v Bratislave. Problematika výskumu na pracovisku. Tematické zameranie výskumu. | ||
| 610 | 2 | 0 | |a výskum |
| 610 | 2 | 0 | |a veda |
| 610 | 2 | 0 | |a vzdelávanie vysokoškolské |
| 610 | 2 | 0 | |a jazyky cudzie |
| 610 | 2 | 0 | |a univerzity |
| 100 | 1 | |a Breveníková, Daniela | |